=LDR 00000nam 2200000 4500 =001 INLIS000000000010477 =005 20130612102133 =008 ***********************************Ind** =035 ##$$0010-061300000010477 =041 ##$$a Ind =082 ##$$a 819.02 =090 ##$$a 819.02, Yun a =100 ##$$a YUNDIAFI, Stiti Zahra =245 ##$$a Antologi puisi lama nusantara berisi nasihat =260 ##$$a 2002 $b Jakarta =300 ##$$a xi, 117 hlm, 21 cm =650 ##$$a Puisi Melayu - Bunga Rampai =850 ##$$a NBPNMAT